ADVANCED ACCELERATOR CONCEPTS (Record no. 575583)

000 -LEADER
fixed length control field 00270nam a22001217a 4500
020 ## - INTERNATIONAL STANDARD BOOK NUMBER
International Standard Book Number 0-88316-358-0
082 ## - DEWEY DECIMAL CLASSIFICATION NUMBER
Classification number 530.72 AIP
100 ## - MAIN ENTRY--PERSONAL NAME
Personal name WI MADISON
9 (RLIN) 67895
245 ## - TITLE STATEMENT
Title ADVANCED ACCELERATOR CONCEPTS
260 ## - PUBLICATION, DISTRIBUTION, ETC.
Place of publication, distribution, etc. NEW YORK
Name of publisher, distributor, etc. PDF
Date of publication, distribution, etc. 1978
300 ## - PHYSICAL DESCRIPTION
Extent 568P
942 ## - ADDED ENTRY ELEMENTS (KOHA)
Koha item type Book
Holdings
Withdrawn status Lost status Damaged status Not for loan Permanent Location Current Location Shelving location Date acquired Total Checkouts Full call number Barcode Date last seen Price effective from Koha item type
        College of Electrical & Mechanical Engineering (CEME) College of Electrical & Mechanical Engineering (CEME) General Stacks 08/01/2017   530.72 AIP CEME-27948 06/28/2021 06/28/2021 Book
© 2023 Central Library, National University of Sciences and Technology. All Rights Reserved.